000 00428nam a2200109Ia 4500
008 160909s9999 xx 000 0 und d
100 _aGrocke, Michelle Ursula,
245 _aOn the Road to Better Health? Impacts of New Market Access on Food Security, Nutrition, and Well-Being in Nepal, Himalaya
260 _bUniversity of Montana.
_c2016
650 _aFOOD
856 _uhttp://pqdtopen.proquest.com/doc/1801956469.html?FMT=ABS
999 _c303983
_d303983